The one-straw revolution
Masanobu Fukuoka’s book about growing food has been changing the lives of readers since it was first published in 1978. It is a call to arms, a manifesto, and a radical rethinking of the global systems we rely on to feed us all. At the same time, it is the memoir of a man whose spiritual beliefs und...
Wedi'i Gadw mewn:
| Prif Awdur: | |
|---|---|
| Fformat: | Llyfr |
| Iaith: | Undetermined |
| Cyhoeddwyd: |
Emmaus
Rodale Press
1978
|
| Pynciau: | |
| Tagiau: |
Ychwanegu Tag
Dim Tagiau, Byddwch y cyntaf i dagio'r cofnod hwn!
|
| Thư viện lưu trữ: | Trung tâm Học liệu Trường Đại học Cần Thơ |
|---|
| LEADER | 00888nam a2200205Ia 4500 | ||
|---|---|---|---|
| 001 | CTU_109939 | ||
| 008 | 210402s9999 xx 000 0 und d | ||
| 082 | |a 631.58 | ||
| 082 | |b F961 | ||
| 100 | |a Fukuoka, Masanobu | ||
| 245 | 4 | |a The one-straw revolution | |
| 245 | 0 | |c Masanobu Fukuoka | |
| 260 | |a Emmaus | ||
| 260 | |b Rodale Press | ||
| 260 | |c 1978 | ||
| 520 | |a Masanobu Fukuoka’s book about growing food has been changing the lives of readers since it was first published in 1978. It is a call to arms, a manifesto, and a radical rethinking of the global systems we rely on to feed us all. At the same time, it is the memoir of a man whose spiritual beliefs underpin and inform every aspect of his innovative farming system. | ||
| 650 | |a Organic farming,Organic farming | ||
| 650 | |z Japan | ||
| 904 | |i Tuyến | ||
| 980 | |a Trung tâm Học liệu Trường Đại học Cần Thơ | ||